|
|
|
|
| LEADER |
00879nam a2200229 a 4500 |
| 001 |
c000211873 |
| 003 |
CARM |
| 005 |
20021125002500.0 |
| 008 |
910429s1902 gw 00000 ger d |
| 019 |
1 |
|
|a 7878534
|5 LACONCORD2021
|
| 035 |
|
|
|a (OCoLC)2052287
|5 LACONCORD2021
|
| 040 |
|
|
|a NUN
|c NUN
|
| 100 |
1 |
|
|a Sohnrey, Heinrich,
|d 1859-1948.
|
| 245 |
1 |
0 |
|a Friedesinchens Lebenslauf /
|c von Heinrich Sohnrey.
|
| 250 |
|
|
|a 7. Aufl.
|
| 260 |
|
|
|a Berlin :
|b Warneck,
|c 1902.
|
| 300 |
|
|
|a 415 p.
|
| 490 |
1 |
|
|a Die Leute aus der Lindenhütte / Heinrich Sohnrey ;
|v Bd. 1
|
| 800 |
1 |
|
|a Sohnrey, Heinrich,
|d 1859-1948.
|t Leute aus der Lindenhütte ;
|v Bd. 1.
|
| 852 |
8 |
|
|b CARM
|h A2:AK31G0
|i A03150
|p 0292711
|f BK
|
| 999 |
f |
f |
|i e9d0d92f-a558-5310-a837-2d8c4463482f
|s bd1e3727-b8ee-535e-ada5-843a8f8192d1
|
| 952 |
f |
f |
|p Can circulate
|a CAVAL
|b CAVAL
|c CAVAL
|d CARM 1 Store
|e A03150
|f A2:AK31G0
|h Other scheme
|i book
|m 0292711
|